000 00385nam a2200145Ia 4500
008 230917s9999||||xx |||||||||||||| ||und||
040 _e157337
_aMAIN
041 _aEnglish
082 _a006.7 J35M
100 _aJeffcoate, Judith
245 0 _aMultimedia in practice: Technology and applications
260 _aNew Delhi
_bPearson Education
_c2009
300 _a238 p.
942 _cBK
999 _c153051
_d153051